00546nam a22001457a 450000500170000001000150001702000110003203500140004303700130005708200140007024501550008426000610023927000800030030000200038020220804110000.0 aENG-134255 c600.00 aEN-117787 bDBAD/PUB a306.60954 aReligion and Culture In India Historical Perspective:bProcedings Volume of the 45th Annual Conference At Tirpuati, 2008/cEdited by Chittabrata Palit aKolkatabDirector, Institute of Historical Studiesc2010 aPuja Apartment, 1st floor, Flat No. 1C, 8/1, Loudon StreetbKolkatae700017 a341p.c22cm(hb)